|
|
|
|
| LEADER |
00000nam a2200000 a 4500 |
| 001 |
vtls001417728 |
| 003 |
SK-MaSNL |
| 005 |
20260301012707.0 |
| 008 |
240315s1979 xo f 00000dslo |
| 035 |
|
|
|a SNK000372513
|
| 040 |
|
|
|a SNK
|b slo
|c SNK
|e AACR2
|
| 041 |
0 |
|
|a slo
|b rus
|b ger
|
| 043 |
|
|
|a e-xo---
|
| 044 |
|
|
|a xo
|c SK
|
| 072 |
|
7 |
|a 39
|x Etnológia. Etnografia. Folklór
|2 konspekt
|
| 080 |
|
|
|a 398
|2 2001
|
| 080 |
|
|
|a (437.6)
|2 2001
|
| 080 |
|
|
|a (0.036.6)
|2 2001
|
| 100 |
1 |
|
|a Liba, Peter,
|d 1931-2020
|4 aut
|9 220851
|
| 245 |
1 |
0 |
|a Zástoj Štefana Mišíka pri výskume folklóru východného Slovenska
|c Peter Lipa
|
| 260 |
|
|
|a [Košice
|b Východoslovenské vydavateľstvo
|c 1979]
|
| 300 |
|
|
|a S. 307-343
|c 24 cm
|
| 500 |
|
|
|a Separát z: Nové obzory 17 (1975)
|
| 504 |
|
|
|a Bibliogr. s. 341
|
| 546 |
|
|
|a Res. rus. a nem.
|
| 600 |
1 |
7 |
|a Mišík, Štefan,
|d 1844-1919
|2 SNKMA
|9 40270
|
| 650 |
0 |
7 |
|a folklór
|2 SNKPH
|9 19213
|
| 651 |
|
7 |
|a Spiš (Slovensko : región)
|2 SNKPH
|9 17692
|
| 655 |
|
7 |
|a separáty
|2 SNKPH
|9 70334
|
| 958 |
|
|
|a OND
|
| 999 |
|
|
|c 554164
|d 556094
|
| 952 |
|
|
|t P60, <03>, [BOOK], {603}
|a SNK
|b SNK
|y PREZ
|7 0
|p 17A0309880
|o snkSC 44565
|i snkK 970/79
|0 0
|1 0
|4 0
|d 2001-07-27
|l 0
|r 2025-10-23 00:00:00
|w 2026-02-23
|
| 952 |
|
|
|a SNK
|b SNK
|y VYP
|7 0
|p 17A0465510
|o snkSC 44565 D1
|i snk2005/6113
|8 1
|0 0
|1 0
|4 0
|d 2005-04-13
|l 0
|r 2026-02-23 13:20:11
|w 2026-02-23
|